| 000 | 00337nam a22001337a 4500 | ||
|---|---|---|---|
| 008 | 170712b xxu||||| |||| 00| 0 eng d | ||
| 020 | _a9780781762106 | ||
| 041 | _aeng | ||
| 080 | _a038 | ||
| 100 | _a23 | ||
| 101 | _aFJA | ||
| 245 |
_aSTEDMAN'S MEDICAL DICTIONARY FOR THE HEALTH PROFESSIONAS AND NURSING _cMARTIN, M |
||
| 942 |
_2udc _cBK |
||
| 999 |
_c20303 _d20303 |
||